| 000 | 00000nam##2200000za#4500 |
| 001 | 9.581622 |
| 003 | CaOODSP |
| 005 | 20210624191613 |
| 007 | cr ||||||||||| |
| 008 | 150406|2015||||xxc|||||o f|0| 0 eng|d |
| 022 | |a1701-1280 |
| 040 | |aCaOODSP|beng |
| 043 | |an-cn--- |
| 086 | 1 |aFs70-4/2015-006E-PDF |
| 110 | 1 |aCanada. |bDepartment of Fisheries and Oceans. |
| 245 | 10|aProceedings of the Pacific regional peer review on stock assessment and management advice for BC Pacific Herring - 2014 status and 2015 forecast : |h[electronic resource]|bSeptember 3-4, 2014, Nanaimo, British Columbia / |cChairpersons: Sean MacConnachie and Linnea Flostrand; editor: Sheena Majewski. |
| 260 | |aNanaimo - British Columbia : |bFisheries and Oceans Canada |cMarch 2015. |
| 300 | |a26p. |
| 490 | 1 |aCanadian Science Advisory Secretariat proceedings series|x1701-1280|v2015/006, Pacific Region |
| 590 | |a15-13|b2015-03-27 |
| 830 | #0|aProceedings series (Canadian Science Advisory Secretariat)|x1701-1280|v2015/006, Pacific Region|w(CaOODSP)9.506483 |
| 856 | 40|ahttp://publications.gc.ca|qPDF|s243 KB|uhttps://publications.gc.ca/collections/collection_2015/mpo-dfo/Fs70-4-2015-006-eng.pdf|y2015/006, Pacific Region |